000 01828nam a2200217 4500
001 0000000582
005 20250329165448.0
008 170718s2020 000 0 eng d
040 _aCO-CtgCURN
_bspa
_ccoctgcurn
082 0 _aINS 2020
_bP661
100 1 _aPinzón B, Pedro L.
245 1 0 _aDesarrollo de las redes de comunicaciones para el IoT en Colombia. /
_cPedro L. Pinzón B.
260 _aCartagena de Indias :
_bCorporación Universitaria Rafael Nuñez,
_c2020.
300 _a15 hojas.
504 _aTrabajo de grado (Ingeniero de Sistemas). Corporación Universitaria Rafael Nuñez. Facultad de Ingenieria. Ingenieria de Sistemas, 2020.
520 _a"Este documento contiene un análisis de los impactos de la implementación del Internet de las Cosas (IoT) en el sector eléctrico, identificando los principales componentes en temas de dispositivos, arquitectura y comunicación; así como los principales impactos y beneficios en el sector como lo son: información en tiempo real, nuevos modelos de negocio, visibilidad global y diversificación de los flujos de ingresos. El estudio describe los diferentes aspectos técnicos necesarios para la implantación del Internet de las cosas en Colombia, El estado actual de la infraestructura de las empresas líderes en el sector de las telecomunicaciones y el impacto económico que esta transición conlleva a nivel del hogar y de la industria"
650 0 _aIngenieria de sistemas
_xTesis y disertaciones academicas.
856 7 _zClick aqui para ver el recurso en texto completo
_uhttps://unicurn.sharepoint.com/:b:/s/biblioteca/EXthIH84NS5AlikwxifaT8wBgodcfBr-uXIYEwlAkB_vKA?e=3yJjqR
942 _hINS 2020
_iP661
_2ddc
_cTG
999 _c4817
_d4817